000 01221nam a2200217Ia 4500
999 _c38034
_d38034
001 4020
003 GE_BSU
005 20190521172115.0
008 181216s1982|||| |||||||||||||| ||geo||
040 _cGE_BSU
041 _ageo
080 _a528.48(075.8):622.1 თ-40
100 _aთევზაძე,ნ.
_91425
245 _aსაინჟინრო გეოდეზია : 10 ნაწილად. ნაწ. 10, (გეოდეზიური სამუშაოების ორგანიზაცია და წარმოება სახალხო მეურნ. სხვადასვხა დარგების საინჟინრო ამოცანების გადაწყვეტის დროს) /
_bნიკოლოზ თევზაძე ; რედ : პ.ლაბარტყავა.
264 _aთბილისი :
_bგანათლება,
_c1982.
300 _a470 გვ :.
_c26 სმ;
504 _aლიტ. სია: გვ.469-470 (33 სხწ.)
653 _aსაინჟინრო გეოდეზია
700 _aლაბარტყავა, პ
_eრედაქტორი
_9523
942 _cBK
_2udc